000 00625nam a2200217 4500
001 132386
003 ES-MaACL
005 20260601155229.0
007 t|
008 070214s1913 fr r ||||1| fre d
080 _a821.133.1-2"19"
100 1 _aRolland, Romain,
_d1866-1944
_9239240
245 1 4 _aLes tragedies de la foi
_b: Saint Louis ; Aërt ; Le triomphe de la raison /
_cRomain Rolland.
260 _aChartres :
_bDurand,
_c1913.
300 _aVI, 254 p. ;
_c18 cm.
740 0 _aSaint Louis.
740 0 _aAërt.
740 3 _aLe triomphe de la raison.
852 4 _aES-MaACL
_jF-3500
999 _c132386
_d132386